Riconosci l'Anno dagli eventi - Quiz n°506 - Statistics

Statistiche generali
  • Questo quiz è stato fatto 3 volte
  • Il punteggio medio è 7 su 11
Statistiche sulle risposte
Indizio Risposta % Corretto
B 11 gennaio: Galileo Galilei e Simon Marius scoprono Ganimede.
100%
A 7 gennaio: Galileo Galilei osserva per la prima volta i satelliti galileiani di Giove scoprendo Callisto insieme a Simon Marius.
100%
H 10 giugno: i primi coloni olandesi si insediano sull'isola di Manhattan.
67%
C 12 marzo: le truppe svedesi al comando di Jacob De la Gardie conquistano Mosca.
67%
D 12 marzo: prima copia del Sidereus Nuncius, trattato astronomico di Galileo Galilei, tirato in quel giorno, insieme ad altre 449 copie successive, in una modesta tipografia di Tommaso Baglioni di Venezia.
67%
F 14 maggio: Enrico IV di Francia viene assassinato da François Ravaillac, fanatico religioso, pochi giorni dopo l'incoronazione a regina della moglie Maria de' Medici.
67%
L 17 ottobre: dopo che Enrico IV di Francia viene assassinato da un frate fanatico Luigi XIII di Francia viene incoronato re.
67%
I 18 luglio: dopo quattro anni di vita in continua fuga, il grande pittore Caravaggio muore sulla spiaggia di Porto Ercole, probabilmente di malaria.
67%
E 25 aprile: firma del Trattato di Bruzolo, alleanza segreta tra Enrico IV di Francia e Carlo Emanuele I di Savoia siglata nel Castello di Bruzolo.
67%
G 6 giugno: Francesco di Sales e Giovanna de Chantal fondano ad Annecy l'Ordine della Visitazione di Santa Maria.
67%
Anno 1610
0%
Nessun quiz corrispondente trovato
Distribuzione punteggi
Percentuale di utenti per punteggio
Percentile per numero di risposta
I tuoi punteggi nel tempo
Non hai fatto questo quiz